| 000 | 00783cac a22002051u 4500 | ||
|---|---|---|---|
| 090 | _c4382 | ||
| 008 | 081105t1997 xxu||||| |||| 00| 0 eng d | ||
| 010 | _a 97033285 | ||
| 020 | _a0262161702 (alk. paper) | ||
| 082 | 0 | 0 |
_a004.019 _bP5861 |
| 100 | _aPicard, Rosalind W. | ||
| 245 | 1 | 0 |
_aAffective computing / _cRosalind W. Picard. |
| 260 |
_aCambridge, Mass. : _bMIT Press, _cc1997. |
||
| 300 |
_axii, 292 p. : _bill. ; _c26 cm. |
||
| 504 | _aIncludes bibliographical references (p. [263]-276) and index. | ||
| 650 | 0 | _aHuman-computer interaction. | |
| 650 | 0 | _aUser interfaces (Computer systems) | |
| 942 |
_cBB _k004.019P5861 _2ddc |
||
| 999 |
_c4382 _d4382 |
||